[Event "Milan Crespi op-A 29th"]
[Site "Milan"]
[Date "2008.12.12"]
[Round "8"]
[White "Luppi, Sergio Guido"]
[Black "Tahirovic, Adnan"]
[Result "1/2-1/2"]
[WhiteElo "1974"]
[BlackElo "1938"]
[PlyCount "105"]
[EventDate "2008.12.06"]
[EventType "swiss"]
[EventRounds "9"]
[EventCountry "ITA"]
[SourceTitle "CBM 130 Extra"]
[Source "ChessBase"]
[SourceDate "2009.07.02"]
[SourceVersion "2"]
[SourceVersionDate "2009.07.15"]
[SourceQuality "1"]

1. d4 Nf6 2. Nf3 g6 3. g3 Bg7 4. Bg2 0-0 5. b3 d6 6. Bb2 Nbd7 7. Nbd2 Nh5 8. 0-0 e5 9. dxe5 dxe5 10. Nc4 e4 11. Nfe5 Nxe5 12. Bxe5 Bxe5 13. Nxe5 f5 14. Nc4 Be6 15. Na5 Rb8 16. Qxd8 Rfxd8 17. Rfd1 Rd6 18. Rxd6 cxd6 19. Rd1 d5 20. e3 Nf6 21. b4 Bd7 22. Nb3 Rc8 23. Rd2 Rc4 24. a3 Rc3 25. Bf1 Ba4 26. Nc5 Bxc2 27. Nxb7 Bd3 28. Bxd3 exd3 29. Nc5 Ne4 30. Rxd3 Rc1+ 31. Kg2 Nxc5 32. bxc5 Rxc5 33. Rb3 Ra5 34. Kf3 Kf7 35. Ke2 g5 36. h3 h5 37. Kd3 g4 38. h4 Ke6 39. Kd4 Ra4+ 40. Kd3 Ke5 41. Rc3 Rc4 42. Rb3 a5 43. Rb5 Ra4 44. Rb3 Kd6 45. Rc3 Ke6 46. Rc6+ Ke5 47. Rc3 Kd6 48. Rb3 Kc5 49. Rc3+ Rc4 50. Rb3 Ra4 51. Kd2 Kd6 52. Kd3 Ke5 53. Rc3 1/2-1/2

[Event "Milan Crespi op-A 29th"]
[Site "Milan"]
[Date "2008.12.10"]
[Round "6"]
[White "Massironi, Marco"]
[Black "Tahirovic, Adnan"]
[Result "1-0"]
[WhiteElo "2169"]
[BlackElo "1938"]
[PlyCount "63"]
[EventDate "2008.12.06"]
[EventType "swiss"]
[EventRounds "9"]
[EventCountry "ITA"]
[SourceTitle "CBM 130 Extra"]
[Source "ChessBase"]
[SourceDate "2009.07.02"]
[SourceVersion "2"]
[SourceVersionDate "2009.07.15"]
[SourceQuality "1"]

1. e4 g6 2. d4 d6 3. Nc3 Bg7 4. Be3 Nd7 5. f4 a6 6. Nf3 e6 7. Bd3 b5 8. e5 d5 9. f5 gxf5 10. Ng5 Nf8 11. Qh5 Ng6 12. g4 N8e7 13. 0-0 c6 14. Rae1 Qb6 15. a4 b4 16. a5 Qxa5 17. Ne2 h6 18. Nxf7 Kxf7 19. gxf5 exf5 20. Nf4 Be6 21. Nxg6 Nxg6 22. Bxf5 Bxf5 23. Qxf5+ Kg8 24. Qf7+ Kh7 25. Rf6 Rhg8 26. Qxg6+ Kh8 27. Kh1 Bf8 28. Qh5 Ra7 29. Rxf8 Rxf8 30. Qxh6+ Kg8 31. Rg1+ Kf7 32. Rf1+ 1-0

[Event "Milan Crespi op-A 29th"]
[Site "Milan"]
[Date "2008.12.08"]
[Round "4"]
[White "Sulashvili, Malkhaz"]
[Black "Tahirovic, Adnan"]
[Result "1-0"]
[WhiteElo "2495"]
[BlackElo "1938"]
[PlyCount "40"]
[EventDate "2008.12.06"]
[EventType "swiss"]
[EventRounds "9"]
[EventCountry "ITA"]
[SourceTitle "CBM 130 Extra"]
[Source "ChessBase"]
[SourceDate "2009.07.02"]
[SourceVersion "2"]
[SourceVersionDate "2009.07.15"]
[SourceQuality "1"]

1. d4 Nf6 2. c4 g6 3. g3 Bg7 4. Bg2 d6 5. Nf3 0-0 6. 0-0 Nbd7 7. Nc3 e5 8. e3 Nh5 9. b3 Re8 10. Qc2 f5 11. Bb2 e4 12. Nd2 c6 13. b4 Kh8 14. Rfe1 Nhf6 15. f4 h6 16. a4 Nh5 17. a5 Rg8 18. Nf1 g5 19. Rad1 Bf6 20. Kh1 b6 1-0